00581nam a2200169 a 450000100100000000500170001000800410002704000250006808200150009310000360010824500430014426000400018730000280022750400260025595201130028199900170039400004143420201002034903.0131004s1989 cu a 000 0 spa d aDO-SdBNPbspacBNPHU axxxxbxxxx1 aDepestre Catony, Leonardo9970410aHomenaje a la música popular cubana. aSantiago de Cuba :bOriente,c1989. a107 p. :bil. ;c19 cm. aBibliografía p: 106 001050718MOaGRbGRcCTd2013-10-04iLF1l0oxxxx xxxxp41434-10r2020-06-25w2020-06-25y1ZNo se presta c40924d40924